000
00249 a2200121 4500
001
57562
082
_a
515 TAN
090
_c
35296
_d
35296
100
_a
Tan S.T
245
_a
Applied calculus, 5/e
250
_a
5
260
_a
UK
_b
Brooks/Cole
_c
2003
942
_a
NUST-CAE
_k
515 TAN
999
_c
292635
_d
292635